Images of Gitanjali / (Record no. 136996)

MARC details
000 -LEADER
fixed length control field 00573nam a2200193 4500
010 ## - LIBRARY OF CONGRESS CONTROL NUMBER
LC control number A-285744
020 ## - INTERNATIONAL STANDARD BOOK NUMBER
International Standard Book Number 9679993515
035 ## - SYSTEM CONTROL NUMBER
System control number A-285744
037 ## - SOURCE OF ACQUISITION
Source of stock number/acquisition Cen Lib / Ret
040 ## - CATALOGING SOURCE
Original cataloging agency DPL
Language of cataloging En
082 ## - DEWEY DECIMAL CLASSIFICATION NUMBER
Classification number 881
Item number PER
100 ## - MAIN ENTRY--PERSONAL NAME
Personal name Peris, O. Don Eric
245 ## - TITLE STATEMENT
Title Images of Gitanjali /
Statement of responsibility, etc by O. Don Eric Peris
260 ## - PUBLICATION, DISTRIBUTION, ETC. (IMPRINT)
Place of publication, distribution, etc Kuala Lumpur
Name of publisher, distributor, etc Angsana Publications
Date of publication, distribution, etc 1984
270 ## - ADDRESS
Address Suite 4.03 Menara Promet Jalan Sultan Ismail
City Kuala Lumpur
300 ## - PHYSICAL DESCRIPTION
Extent 65p ;
Other physical details ill :
Dimensions 31cm(Hb)
650 ## - SUBJECT ADDED ENTRY--TOPICAL TERM
Topical term or geographic name as entry element Photography, Artistic.
942 ## - ADDED ENTRY ELEMENTS (KOHA)
Source of classification or shelving scheme Dewey Decimal Classification
Koha item type English Books
Classification part 881
Call number suffix PER
Holdings
Withdrawn status Lost status Damaged status Not for loan Home library Current library Date acquired Source of acquisition Total Checkouts Full call number Barcode Date last seen Copy number Price effective from Koha item type
        Central Library Central Library 14/03/2016 Cen Lib/Ret   881 PER A-285744 14/03/2016 1 14/03/2016 English Books

© Delhi Public Library
Hit Counter
free hit counter